ARRUPE JESUIT UNIVERSITY

CORONAVIRUS -STOP THE SPREAD - CLEAN,DISINFECT,COVER

Making the Eucharist matter (Record no. 17155)

MARC details
000 -LEADER
fixed length control field 00466nam a2200205Ia 4500
003 - CONTROL NUMBER IDENTIFIER
control field 0100
008 - FIXED-LENGTH DATA ELEMENTS--GENERAL INFORMATION
fixed length control field 130303s9999 xx 000 0 und d
040 ## - CATALOGING SOURCE
Transcribing agency ARRUPELIB
050 ## - LIBRARY OF CONGRESS CALL NUMBER
Classification number BX2230.2.A631999
300 ## - PHYSICAL DESCRIPTION
Other physical details 22cm.
100 ## - MAIN ENTRY--PERSONAL NAME
Personal name Andersen, Frank
245 ## - TITLE STATEMENT
Title Making the Eucharist matter
260 ## - PUBLICATION, DISTRIBUTION, ETC. (IMPRINT)
Place of publication, distribution, etc Notre Dame
260 ## - PUBLICATION, DISTRIBUTION, ETC. (IMPRINT)
Name of publisher, distributor, etc Ave Maria Press
260 ## - PUBLICATION, DISTRIBUTION, ETC. (IMPRINT)
-- 1999
300 ## - PHYSICAL DESCRIPTION
Extent 144p.
650 ## - SUBJECT ADDED ENTRY--TOPICAL TERM
Topical term following geographic name as entry element Christianity
700 ## - ADDED ENTRY--PERSONAL NAME
Personal name Frank Andersen
942 00 - ADDED ENTRY ELEMENTS (KOHA)
Koha issues (borrowed), all copies 1
Holdings
Withdrawn status Lost status Source of classification or shelving scheme Damaged status Not for loan Collection code Home library Current library Shelving location Date acquired Total Checkouts Full call number Barcode Date last seen Date checked out Copy number Price effective from Koha item type
    Library of Congress Classification     Main Collection ARRUPE LIBRARY ARRUPE LIBRARY   04/03/2013 1 BX2230.2.A631999 46003027147 22/11/2017 27/08/2013 1 04/03/2013 Monograph ( Printed materials)

 

Arrupe Library. PO Box MP320 Mt Pleasant, Harare, Zimbabwe
263 242 745411|librarian@aju.ac.zw